000
00219nam a22000857a 4500
008
160912b xxu||||| |||| 00| 0 eng d
100
_9
360
_a
NCERT
245
_a
Arts, Music, Dance and Theatre
260
_a
New Delhi
_b
NCERT
_c
2006
999
_c
3019
_d
3019